000 00522nam a2200181 a 4500
001 9453
005 20180713193441.0
008 140415s1984 mx 000 0 spa d
041 _aspa
082 _a620.1121
_bHEA
100 1 _aHEARN, E.J.
245 1 0 _aRESISTENCIA DE MATERIALES :
_bDISEÑO DE ESTRUCTURAS Y MAQUINAS
250 _a1a ed.
260 _aMEXICO :
_bNEI,
_c1984
300 _a644
650 1 4 _aDISEO DE ESTRUCTURAS
_xRESISTENCIA DE MATERIALES
700 1 _aRUBIO SUAREZ, JOSE MANUEL
_etr.
999 _c9453
_d9453